Geography Quiz

Random Geography or City Quiz

'S' World Metros Quiz Stats

 Plays Quiz Updated Sep 10, 2019

Score 0/21 Timer 07:00
3 Plays Today
Rank City % Correct
51San Francisco, USA
86.6%
3Shanghai, China
78.9%
155San Diego, USA
74.1%
109Seattle, USA
67.3%
11São Paulo, Brazil
66.8%
86Sydney, Australia
64.7%
7Seoul, South Korea
62.4%
52Singapore, Singapore
61.8%
79Saint Petersburg, Russia
58.4%
59Santiago, Chile
57.2%
t-216Stuttgart, Germany
46.6%
Rank City % Correct
125Santo Domingo, Dominican Republic
27.8%
193Sana'a, Yemen
26.4%
t-216Salt Lake City, USA
23.6%
211Sapporo, Japan
20.5%
139Salvador, Brazil
17.9%
54Shantou, China
14%
72Surabaya, Indonesia
10.9%
49Shenyang, China
10.4%
68Sūrat, India
9.7%
108Shijiazhuang, China
4.4%

You're not logged in!

Compare scores with friends on all Sporcle quizzes.
OR
Log In

Sporcle TV

Today on Sporcle TV


Watch our educational content, quiz creation guides, and fun videos on Sporcle TV.

Show Comments

Extras

Top Quizzes Today


Score Distribution

Your Account Isn't Verified!

In order to create a playlist on Sporcle, you need to verify the email address you used during registration. Go to your Sporcle Settings to finish the process.

Report this User

Report this user for behavior that violates our Community Guidelines.

Details: